| 000 | 00921nac a22002531u 4500 | ||
|---|---|---|---|
| 010 | _a 95067605 | ||
| 020 | _a0419200800 (acid-free paper) | ||
| 082 | 0 | 0 |
_a690 _bWIL |
| 090 |
_c6807 _d6807 |
||
| 100 | _aWilliams, Andrew R. | ||
| 245 | 1 | 2 |
_aA practical guide to alterations and extensions / _cAndrew R. Williams. |
| 246 | 3 | 0 | _aAlterations and extensions |
| 250 | _a1st. ed. | ||
| 260 |
_aLondon ; _aNew York : _bE & FN Spon,1995 _c1995. |
||
| 300 |
_ax, 208 p. : _bill. ; _c24 cm. |
||
| 440 | 4 | _aThe builder's bookshelf series | |
| 500 | _a"Incorporates 1995 amendments to approved documents F & L"--Cover. | ||
| 500 | _aIncludes index. | ||
| 500 | _adistributer: Al-Ahram | ||
| 511 | _acatalogued by: wessam | ||
| 650 | 0 |
_aBuildings _xAdditions. |
|
| 856 | 4 | 2 |
_3Publisher description _uhttp://www.loc.gov/catdir/enhancements/fy0651/95067605-d.html |
| 942 |
_cBB _k690WIL |
||
| 999 |
_c6807 _d6807 |
||